| 000 | 00544cam a2200181 4500500 | ||
|---|---|---|---|
| 005 | 20260405001530.0 | ||
| 041 | _afre | ||
| 042 | _adc | ||
| 100 | 1 | 0 |
_aLegros, Martin _eauthor |
| 245 | 0 | 0 | _aEt la politesse ?… Bordel ! |
| 260 | _c2013. | ||
| 500 | _a96 | ||
| 690 | _aÉducation | ||
| 690 | _aPhilippe Raynaud | ||
| 690 | _aPolitesse | ||
| 786 | 0 | _nPhilosophie magazine | 72 | 9 | 2013-09-01 | p. 33-33 | 1951-1787 | |
| 856 | 4 | 1 | _uhttps://shs.cairn.info/magazine-philosophie-magazine-2013-9-page-33?lang=fr&redirect-ssocas=7080 |
| 999 |
_c2048650 _d2048650 |
||